| 000 | 00000nam 2200000zi 4500 |
| 001 | 9.943225 |
| 003 | CaOODSP |
| 005 | 20250131103946 |
| 006 | m o d f |
| 007 | cr mn||||||||| |
| 008 | 240913e202410##onca ob f000 0 fre d |
| 020 | |a9780660736389 |
| 020 | |z9780660718590 |q(incorrect) |
| 040 | |aCaOODSP|bfre|erda|cCaOODSP |
| 043 | |an-cnm--|an-cn-qu|aln----- |
| 043 | |ax6y2 |
| 086 | 1 |aFs70-6/2024-055F-PDF |
| 245 | 00|aÉvaluation du stock de merluche blanche (Urophycis tenius) jusqu'en 2022 dans le sud du golfe du Saint-Laurent, zone 4T de l'OPANO. |
| 246 | 17|aÉvaluation du stock de merluche blanche |
| 264 | 1|a[Ottawa] : |bSecrétariat canadien de consultation scientifique, |coctobre 2024. |
| 264 | 4|c©2024 |
| 300 | |a1 ressource en ligne (9 pages) : |billustrations (principalement en couleur). |
| 336 | |atexte|btxt|2rdacontent/fre |
| 337 | |ainformatique|bc|2rdamedia/fre |
| 338 | |aressource en ligne|bcr|2rdacarrier/fre |
| 490 | 1 |aAvis scientifique, |x1919-5117 ; |v2024/055 |
| 500 | |aPublié aussi en anglais sous le titre : Southern Gulf of St. Lawrence, NAFO Division 4T, white hake (Urophycis tenuis) stock assessment to 2022. |
| 500 | |aTitre de depart. |
| 504 | |aComprend des références bibliographiques (pages 8-9). |
| 650 | 6|aMerluche blanche|zSaint-Laurent, Golfe du. |
| 650 | 6|aMerluche blanche|xPêche commerciale|zSaint-Laurent, Golfe du. |
| 650 | 6|aRessources halieutiques|xÉvaluation|zSaint-Laurent, Golfe du. |
| 710 | 2 |aSecrétariat canadien de consultation scientifique, |eorganisme de publication. |
| 710 | 1 |aCanada. |bMinistère des pêches et des océans. |bRégion du golfe, |eorganisme de publication. |
| 775 | 08|tSouthern Gulf of St. Lawrence, NAFO Division 4T, white hake (Urophycis tenuis) stock assessment to 2022.|w(CaOODSP)9.943224 |
| 830 | #0|aAvis scientifique (Secrétariat canadien de consultation scientifique)|v2024/055.|w(CaOODSP)9.502624 |
| 856 | 40|qPDF|s357 Ko|uhttps://publications.gc.ca/collections/collection_2025/mpo-dfo/fs70-6/Fs70-6-2024-055-fra.pdf |